000
00280nam a22001097a 4500
082
_a
004 ALT'M
100
_a
ALTMAN, RICK , ALTMAN, REBECCA BRIDGES
_9
64701
245
_a
MASTERING PAGEMAKER 4 ON THE IBM PC
260
_a
NEWDELHI
_b
BPB
_c
1991
300
_a
XXVII, 527P
942
_c
BK
999
_c
573117
_d
573117